| 000 | 00865nam a22002177a 4500 | ||
|---|---|---|---|
| 003 | OSt | ||
| 005 | 20250910112618.0 | ||
| 008 | 240815b ||||| |||| 00| 0 eng d | ||
| 040 | _c0 | ||
| 082 | _aDPer 510.5 Am351 October-December 2019 v. 141 n. 5-6 | ||
| 100 |
_aUstinovskiy, Yury. _eauthor. _957938 |
||
| 245 |
_aThe Hermitian curvature flow on manifolds with non-negative Griffiths curvature / _cYury Ustinovskiy. |
||
| 260 |
_aBaltimore, Maryland U.S. ; _bJohns Hopkins University Press , _cDecember 2019. |
||
| 300 |
_aVolume 141, pages 1751-1775 : _billustration ; _c26 cm. |
||
| 500 | _aAmerican Journals of Mathematics, vol. 141, no. 6, pages 1751-1775, December 2019. | ||
| 650 |
_aMathematics. _960518 |
||
| 650 |
_aMathematical analysis. _915001 |
||
| 650 |
_aGeometry. _960519 |
||
| 700 |
_aUstinovskiy, Yury. _eauthor. _957938 |
||
| 942 |
_2ddc _cPER |
||
| 999 |
_c20512 _d20512 |
||